Conserving migratory pollinators and nectar corridors in western North America
Αποθηκεύτηκε σε:
| Άλλοι συγγραφείς: | |
|---|---|
| Μορφή: | Βιβλίο |
| Γλώσσα: | English |
| Δημοσίευση: |
Tucson :
University of Arizona Press, Arizona-Sonora Desert Museum,
c2004
|
| Σειρά: | Arizona-Sonora Desert Museum studies in natural history
|
| Θέματα: | |
| Ετικέτες: |
Προσθήκη ετικέτας
Δεν υπάρχουν, Καταχωρήστε ετικέτα πρώτοι!
|
MARC
| LEADER | 00000cam a2200000 i 4500 | ||
|---|---|---|---|
| 001 | 1/5590 | ||
| 008 | 100312s2004 eng d | ||
| 020 | |a 0-8165-2254-5 (hbk.) | ||
| 035 | |l 10107216 | ||
| 040 | |a GR-MY-UA |b gre |e aacr | ||
| 041 | 0 | |a eng | |
| 082 | 0 | |a 333.9516 |2 (22) | |
| 245 | 1 | 0 | |a Conserving migratory pollinators and nectar corridors in western North America / |c edited by Gary Paul Nabhan |
| 260 | |a Tucson : |b University of Arizona Press, |b Arizona-Sonora Desert Museum, |c c2004 | ||
| 300 | |a xiv, 190 σ.; |b χάρτες; |c 25 εκ. | ||
| 490 | 1 | |a Arizona-Sonora Desert Museum studies in natural history | |
| 504 | |a Περιέχει βιβλιογραφικές παραπομπές και ευρετήριο | ||
| 650 | 0 | 0 | |a Conservation biology |z West (U.S.) |
| 650 | 0 | 0 | |a Pollinators |x Conservation |z West (U.S.) |
| 650 | 0 | 0 | |a Migratory animals |x Conservation |z West (U.S.) |
| 650 | 0 | 0 | |a Corridors (Ecology) |z West (U.S.) |
| 700 | 1 | |a Nabhan, Gary Paul, |e edt | |
| 830 | 0 | |a Arizona-Sonora Desert Museum studies in natural history | |
| 852 | |a INST |b LESVOS |e 20100312 |h 333.9516 CON |p 005100046784 |q 005100046784 |t BK |y 0 | ||
| 901 | |a BIBL1-2010-1 | ||
| 909 | |a Λ |b 152019 | ||
| 922 | |a 1ΕΛΗ |b 200803 |c ΕΠΕΑΕΚ2/ΤΓ |d ΕΛΕΥΘΕΡΟΥΔΑΚΗΣ | ||
| 970 | |a ΚΑΡΑ |b ΓΙΑΣΕΜΗ |z 2010/03/12 | ||